Sweat (All Lyrics) - Haiden Henderson - Statistics

General Stats
  • This quiz has been taken 5 times
  • The average score is 222 of 270
Answer Stats
Answer % Correct
a
100%
be
100%
bed
100%
breath
100%
dance
100%
do
100%
floor
100%
Get
100%
(go)
100%
help
100%
I
100%
I'm
100%
into
100%
it
100%
legs
100%
Let
100%
let
100%
Lose
100%
me
100%
Show
100%
show
100%
sweat
100%
Sweat
100%
take
100%
the
100%
to
100%
Turn
100%
you
100%
You
100%
you-
100%
your
100%
and
67%
Any
67%
around
67%
Babe,
67%
bartender
67%
beat?
67%
breathing
67%
call
67%
Can
67%
can
67%
cardio
67%
Come
67%
committed
67%
committed,
67%
dancing
67%
dirty
67%
don't
67%
feel
67%
flirty
67%
frustrated
67%
getting
67%
Girl,
67%
got
67%
gym
67%
had
67%
hard
67%
Have
67%
heard
67%
heart
67%
Heavy
67%
high
67%
him
67%
Hope
67%
how
67%
hydrated
67%
just
67%
Keep
67%
little
67%
located
67%
make
67%
Maybe
67%
member
67%
might
67%
move,
67%
my
67%
need
67%
on
67%
out
67%
pain's
67%
Physical
67%
rate
67%
rest
67%
say
67%
say,
67%
sleep
67%
so
67%
some
67%
something
67%
sound
67%
therapy
67%
tonight
67%
use
67%
Use
67%
way
67%
We
67%
week,
67%
where
67%
with
67%
won't
67%
you're
67%
You're
67%
24/7
33%
attention,
33%
but
33%
discretion
33%
felon
33%
fuckin'
33%
hips
33%
la
33%
leaving
33%
left
33%
like
33%
mort
33%
no
33%
nothing
33%
petite
33%
those
33%
weapon
33%
No matching quizzes found
Score Distribution
Percent of People with Each Score
Percentile by Number Answered
Your Score History
You have not taken this quiz